LEADER 01146cam0 22003011 450 001 SOBE00072799 005 20220708110043.0 100 $a20220708d2004 |||||ita|0103 ba 101 $aita 102 $aIT 200 1 $aNeapolis$fAmedeo Maiuri 210 $aErcolano$cAccademia ercolanese$d2004 215 $a84 p.$d21 cm 225 2 $aBiblioteca dell'Accademia ercolanese$v1 300 $aErrata corrige in allegato 410 1$1001SOBE00072800$12001 $a*Biblioteca dell'Accademia ercolanese$v1 500 10$aNeapolis$3SOBA00025144$9248946 700 1$aMaiuri$b, Amedeo$3AF00009672$4070$03563 712 02$a*Accademia *ercolanese $3SOBA00025143$4070 801 0$aIT$bUNISOB$c20220708$gRICA 850 $aUNISOB 852 $aUNISOB$jSaggi|M$m177162 912 $aSOBE00072799 940 $aM 102 Monografia moderna SBN 941 $aM 957 $xFondo|Leopardiano$aSaggi|M$b000001$gCON$d177162$n20220705$hFondoLeopardiano$rdono$1catenaccif$2UNISOB$3UNISOB$420220708105505.0$520220708105602.0$6catenaccif$fPer le modalità di consultazione vedi home page Biblioteca link Fondi 996 $aNeapolis$9248946 997 $aUNISOB LEADER 01119cam1 22002771 450 001 SOBE00047047 005 20250404073203.0 100 $a20150505d1811 |||||ita|0103 ba 101 $aita 102 $aIT 200 1 $aPrincipi di scienza nuova di Giambattista Vico d'intorno alla comune natura delle nazioni. Colla vita dell'autore scritta da lui medesimo. Volume 1. [-3] 210 $ain Napoli$ca spese di Francesco d'Amico$d1811 215 $a3 v. in 1$d8º 300 $aSul front. dei v. 1-3 : presso Gaetano Eboli 463 1$1001SOBE00047051$12000 $a1 463 1$1001SOBE00047054$12000 $a2 463 1$1001SOBE00047055$12000 $a3 700 1$aVico$b, Giambattista$3AF00006785$4070$0151876 702 1$aD'Amico, Francesco$3SOBA00011120$4070 702 1$aEboli, Gaetano$3SOBA00011119$4070 801 0$aIT$bUNISOB$c20250404$gRICA 912 $aSOBE00047047 940 $aM 103 Monografia antica SBN 941 $aM 996 $aPrincipi di scienza nuova di Giambattista Vico d'intorno alla comune natura delle nazioni. Colla vita dell'autore scritta da lui medesimo. Volume 1.$91709082 997 $aUNISOB